Stained glass of the middle ages in England and France / (Record no. 63680)
[ view plain ]
| 000 -LEADER | |
|---|---|
| campo de control de longitud fija | 00885nam a22002295i 4500 |
| 001 - NÚMERO DE CONTROL | |
| campo de control | C00067219c |
| 005 - FECHA Y HORA DE LA ÚLTIMA TRANSACCIÓN | |
| campo de control | 20241029151238.0 |
| 008 - DATOS DE LONGITUD FIJA--INFORMACIÓN GENERAL | |
| campo de control de longitud fija | 070917s1913 xxkf ||| | eng d |
| 035 ## - NÚMERO DE CONTROL DEL SISTEMA | |
| Número de control de sistema | CCPB000912436-5 |
| 040 ## - FUENTE DE CATALOGACIÓN | |
| Centro catalogador/agencia de origen | CCPB-B |
| Lengua de catalogación | spa |
| Centro/agencia transcriptor | CCPB-B |
| Normas de descripción | rdc |
| 100 1# - ENTRADA PRINCIPAL--NOMBRE DE PERSONA | |
| Nombre de persona | Arnold, Hugh. |
| 9 (RLIN) | 45638 |
| 245 10 - MENCIÓN DEL TÍTULO | |
| Título | Stained glass of the middle ages in England and France / |
| Mención de responsabilidad, etc. | painted by Lawrence B. Saint ; described by Hugh Arnold. |
| 260 ## - PUBLICACIÓN, DISTRIBUCIÓN, ETC. | |
| Lugar de publicación, distribución, etc. | London : |
| Nombre del editor, distribuidor, etc. | Adam and Charles Black, |
| Fecha de publicación, distribución, etc. | 1913. |
| 300 ## - DESCRIPCIÓN FÍSICA | |
| Extensión | 269 p., L h. de grab. ; |
| Dimensiones | 24 cm. |
| 650 #4 - PUNTO DE ACCESO ADICIONAL DE MATERIA--TÉRMINO DE MATERIA | |
| Término de materia o nombre geográfico como elemento de entrada | Vidrieras- |
| Subdivisión geográfica | Inglaterra- |
| Subdivisión cronológica | Edad media. |
| 9 (RLIN) | 102746 |
| 650 #4 - PUNTO DE ACCESO ADICIONAL DE MATERIA--TÉRMINO DE MATERIA | |
| Término de materia o nombre geográfico como elemento de entrada | Vidrieras- |
| Subdivisión geográfica | Francia- |
| Subdivisión cronológica | Edad media. |
| 9 (RLIN) | 99516 |
| 700 1# - ENTRADA AGREGADA--NOMBRE PERSONAL | |
| Nombre de persona | Saint, Lawrence B., |
| Término indicativo de función/relación | il. |
| 9 (RLIN) | 102747 |
| 752 ## - ENTRADA AGREGADA--NOMBRE JERÁRQUICO DEL LUGAR | |
| País o entidad superior | Gran Bretaña - |
| Ciudad | Londres |
| 852 ## - LOCALIZACIÓN | |
| Ubicación | M-RABA, |
| Número de control de estantería | L-252 -- |
| -- | R.23449 -- |
| Nota pública | Anotación manuscrita en la portada: "R. Stolz Viciano" |
| Estatus retirado | Estado de pérdida | Estado de daño | No para préstamo | Colección | Biblioteca de origen | Biblioteca actual | Ubicación en estantería | Fecha de adquisición | Total de préstamos | Signatura topográfica completa | Código de barras | Visto por última vez | Precio de reemplazo | Tipo de ítem Koha | Nota pública |
|---|---|---|---|---|---|---|---|---|---|---|---|---|---|---|---|
| Real Academia de la Bellas Artes de San Fernando | Real Academia de la Bellas Artes de San Fernando | Depósito 1 | 16/03/2020 | L-252 | 1071702 | 15/10/2024 | 15/10/2024 | Fondo moderno | Sello: Donación Heredera R. Stolz Viciano. Encuadernación en cartoné. |